000 00592nam a22001937a 4500
005 20180412104139.0
010 _aENG-122455
020 _a9788171394968
_c995.00
035 _aEN-105987
037 _bDBAD/PUB
082 _a361.32
100 _aGandhi, Gurusamy
245 _aCareer in social work /
_cby Gurusamy Gandhi
260 _aNew Delhi
_bJnanada Prakashan (P&D)
_c2012
270 _a4837/2, 24, Ansari Road, Daryaganj,
_bNew Delhi
_e110002
300 _a296p.
_bill.
_c21cm(Hb)
500 _aIncludes bibliography [and] index
942 _2ddc
_cEN
_mGAN
_h361.32
999 _c150681
_d150681